Dictionary of Paul and his letters / (Record no. 2071)

MARC details
000 -LEADER
fixed length control field 01183pam a2200301 a 4500
001 - CONTROL NUMBER
control field 1580223
003 - CONTROL NUMBER IDENTIFIER
control field GBCCL
005 - DATE AND TIME OF LATEST TRANSACTION
control field 20241126110416.0
008 - FIXED-LENGTH DATA ELEMENTS--GENERAL INFORMATION
fixed length control field 930825s1993 ilu bd 001 0 eng
010 ## -
-- 93036044
020 ## - INTERNATIONAL STANDARD BOOK NUMBER
International Standard Book Number 0830817786 (alk. paper)
040 ## - CATALOGING SOURCE
Original cataloging agency DLC
Transcribing agency DLC
Modifying agency DLC
050 00 -
-- BS2650.2
-- .D53 1993
082 00 - DEWEY DECIMAL CLASSIFICATION NUMBER
Classification number 227.03
Edition information 20
Item number DIC
245 00 - TITLE STATEMENT
Title Dictionary of Paul and his letters /
Statement of responsibility, etc. editors, Gerald F. Hawthorne, Ralph P. Martin ; associate editor, Daniel G. Reid.
260 ## - PUBLICATION, DISTRIBUTION, ETC.
Place of publication, distribution, etc. Downers Grove, Ill. :
Name of publisher, distributor, etc. InterVarsity Press,
Date of publication, distribution, etc. c1993.
300 ## - PHYSICAL DESCRIPTION
Extent xxix, 1038 p. ;
Dimensions 27 cm.
504 ## - BIBLIOGRAPHY, ETC. NOTE
Bibliography, etc. note Includes bibliographical references and indexes.
600 00 - SUBJECT ADDED ENTRY--PERSONAL NAME
Personal name Paul,
Titles and other words associated with a name the Apostle, Saint
General subdivision Dictionaries.
9 (RLIN) 4248
630 00 - SUBJECT ADDED ENTRY--UNIFORM TITLE
Uniform title Bible.
Name of part/section of a work Epistles of Paul
General subdivision Criticism, interpretation, etc.
9 (RLIN) 2197
630 00 - SUBJECT ADDED ENTRY--UNIFORM TITLE
Uniform title Bible.
Name of part/section of a work Epistles of Paul
General subdivision Dictionaries.
9 (RLIN) 4249
700 1# - ADDED ENTRY--PERSONAL NAME
Personal name Hawthorne, Gerald F.,
Dates associated with a name 1925-
9 (RLIN) 4250
700 1# - ADDED ENTRY--PERSONAL NAME
Personal name Martin, Ralph P.
9 (RLIN) 2746
700 1# - ADDED ENTRY--PERSONAL NAME
Personal name Reid, Daniel G.,
Dates associated with a name 1949-
9 (RLIN) 4251
906 ## - LOCAL DATA ELEMENT F, LDF (RLIN)
a 7
b cbc
c orignew
d 1
e ocip
f 19
g y-gencatlg
942 ## - ADDED ENTRY ELEMENTS (KOHA)
Source of classification or shelving scheme Dewey Decimal Classification
Koha item type Reference Books
Holdings
Withdrawn status Lost status Source of classification or shelving scheme Damaged status Not for loan Home library Current Library Shelving location Date acquired Total checkouts Full call number Barcode Date last seen Copy number Price effective from Koha item type
    Dewey Decimal Classification     GRACE BIBLE COLLEGE GRACE BIBLE COLLEGE Dictionary 2017-06-28   227.03 DIC 004813 2025-05-01 c.1 2017-06-28 Reference Books
    Dewey Decimal Classification     GRACE BIBLE COLLEGE GRACE BIBLE COLLEGE Dictionary 2017-06-28   227.03 DIC 004814 2025-05-01 c.2 2017-06-28 Reference Books
    Dewey Decimal Classification     GRACE BIBLE COLLEGE GRACE BIBLE COLLEGE Dictionary 2024-02-03   227.03 DIC 020701 2025-05-01 c.3 2024-02-03 Reference Books
© Grace Bible College Library 2025